[Event "AUTO-OPEN-2434"]
[Site "http://www.queenalice.com/game.php?id=968937"]
[Date "2011.8.5"]
[Round "1"]
[White "Rubens2009"]
[Black "fafaking"]
[Result "1-0"]
[WhiteElo "1927"]
[BlackElo "1630"]

1. e4 e5 2. Nf3 Nc6 3. d4 exd4 4. Nxd4 Nxd4 5. Qxd4 c5 6. Qe5+ Qe7 7. Qxe7+ Bxe7
8. Bc4 d6 9. O-O Nf6 10. Nc3 a6 11. f4 O-O 12. e5 Ng4 13. Nd5 Bd8 14. h3 b5 15.
Be2 Be6 16. Nc3 Nh6 17. exd6 Bb6 18. Be3 Nf5 19. Bf2 Nd4 20. Bd3 c4 21. Be4 Rad8
22. f5 Bc8 23. Nd5 Ne2+ 24. Kh2 Bxf2 25. Rxf2 Nd4 26. Ne7+ Kh8 27. Nxc8 Rxc8 28.
c3 Nc6 29. Rd1 Rfd8 30. d7 Rc7 31. Bxc6 Rxc6 32. Rfd2 Rb6 33. Rd6 Rxd6 34. Rxd6
h5 35. Kg3 Kh7 36. Kf4 f6 37. Ke4 Kh6 38. h4 a5 39. Kd5 Kh7 40. Ke6 1-0

[Event "AUTO-ADV-2239"]
[Site "http://www.queenalice.com/game.php?id=969262"]
[Date "2011.8.5"]
[Round "1"]
[White "matamuff"]
[Black "fafaking"]
[Result "1-0"]
[WhiteElo "1889"]
[BlackElo "1618"]

1. Nf3 d5 2. d4 Bg4 3. g3 Bxf3 4. exf3 a6 5. Bg2 c5 6. c3 Nc6 7. O-O e6 8. Be3
c4 9. f4 Nf6 10. Nd2 Qb6 11. b4 cxb3 12. axb3 Ng4 13. Qxg4 O-O-O 14. c4 Kb8 15.
c5 Qc7 16. Rfb1 f5 17. Qd1 Be7 18. b4 h6 19. b5 axb5 20. Rxb5 Na7 21. Qa4 Kc8
22. Qxa7 1-0

[Event "AUTO-ADV-2239"]
[Site "http://www.queenalice.com/game.php?id=969263"]
[Date "2011.8.5"]
[Round "1"]
[White "fafaking"]
[Black "matamuff"]
[Result "1-0"]
[WhiteElo "1700"]
[BlackElo "1825"]

1. d4 Nf6 2. c4 Nc6 3. d5 Ne5 4. f4 Ng6 5. Nc3 e6 6. e4 Bb4 7. Qc2 d6 8. Qa4+
Nd7 9. Qxb4 O-O 10. Be3 Qh4+ 11. g3 Qd8 12. Bh3 Nf6 13. O-O-O e5 14. f5 Ne7 15.
Nge2 Kh8 16. g4 Neg8 17. Ng3 h6 18. g5 Nh7 19. gxh6 Qh4 20. hxg7+ Kxg7 21. Bf1
Ngf6 22. Be2 Kh8 23. Rdg1 b6 24. Nb5 a5 25. Qa3 Bd7 26. Nxc7 Rac8 27. Bxb6 Nxe4
28. Nxe4 Qxe4 29. Bd3 Qf4+ 30. Kb1 Nf6 31. Rf1 Qh4 32. Qxd6 a4 33. Qxe5 Kh7 34.
Bf2 Qh6 35. Na6 Rfe8 36. Qg3 Rg8 37. Qh4 Rg4 38. Qxh6+ Kxh6 39. h3 Rg2 40. Bd4
Rd2 41. Be3+ Kh7 42. Bxd2 Ra8 43. Nc5 Bc8 44. Bc3 Nh5 45. Bd2 Ba6 46. Nxa6 Rxa6
47. f6+ Kh8 48. Rhg1 a3 49. Rg5 axb2 50. Rxh5+ Kg8 51. Rg1+ Kf8 52. Rh8# 1-0

[Event "AUTO-ADV-2239"]
[Site "http://www.queenalice.com/game.php?id=969274"]
[Date "2011.8.5"]
[Round "1"]
[White "PitBullLoko"]
[Black "fafaking"]
[Result "0-1"]
[WhiteElo "1625"]
[BlackElo "1646"]

1. e4 e5 2. Nf3 Nc6 3. Bb5 d6 4. d4 Bd7 5. Bxc6 bxc6 6. c4 Bg4 7. d5 cxd5 8.
cxd5 Be7 9. Qa4+ Bd7 10. Qa5 h6 11. Nbd2 Nf6 12. h3 O-O 13. b3 c6 14. Qxd8 Bxd8
15. Nc4 cxd5 16. Nxd6 Nxe4 17. Nxe5 Ba5+ 18. Ke2 Bb4 19. Nxe4 Bb5+ 20. Kf3 dxe4+
21. Kxe4 Bc3 22. Ba3 Rfe8 0-1

[Event "AUTO-ADV-2239"]
[Site "http://www.queenalice.com/game.php?id=969275"]
[Date "2011.8.5"]
[Round "1"]
[White "fafaking"]
[Black "PitBullLoko"]
[Result "1-0"]
[WhiteElo "1629"]
[BlackElo "1642"]

1. d4 d5 2. c4 c5 3. dxc5 d4 4. Nf3 Nc6 5. Bf4 b6 6. Na3 bxc5 7. Nb5 e5 8. Nxe5
Qa5+ 9. Bd2 Qb6 10. Nxc6 Qxc6 11. Bf4 Nf6 12. Nc7+ Kd7 13. Nxa8 Bb7 14. Nc7 Bd6
15. Bxd6 Qxd6 16. Nb5 Qf4 17. Qa4 d3 18. Rd1 Ke6 19. Nc7+ Kf5 20. e3 Qe4 21.
Bxd3 Qxd3 22. Rxd3 1-0

[Event "AUTO-ADV-2239"]
[Site "http://www.queenalice.com/game.php?id=969280"]
[Date "2011.8.5"]
[Round "1"]
[White "jeffcom2f"]
[Black "fafaking"]
[Result "1-0"]
[WhiteElo "1818"]
[BlackElo "1660"]

1. e4 e5 2. Nf3 Nc6 3. Nc3 Bc5 4. Bc4 d6 5. d3 h6 6. Bd2 Bg4 7. h3 Bh5 8. g4 Bg6
9. Bb5 Ne7 10. Nh4 Bh7 11. Nf5 Bxf5 12. gxf5 O-O 13. Rg1 Kh7 14. Qg4 Ng8 15.
Qxg7# 1-0

[Event "AUTO-ADV-2239"]
[Site "http://www.queenalice.com/game.php?id=969281"]
[Date "2011.8.5"]
[Round "1"]
[White "fafaking"]
[Black "jeffcom2f"]
[Result "0-1"]
[WhiteElo "1647"]
[BlackElo "1838"]

1. d4 d5 2. c4 Nc6 3. Nc3 e6 4. Bf4 Bb4 5. Nf3 dxc4 6. a3 Bxc3+ 7. bxc3 Nf6 8.
Qc2 Bd7 9. e4 O-O 10. Bg5 h6 11. Bh4 Qe8 12. Bxf6 gxf6 13. Qd2 Kh7 14. Bxc4 Ne7
15. Bd3 Ng6 16. O-O Rg8 17. e5 f5 18. Be2 Qf8 19. c4 Qg7 20. Qc3 Nf4 21. Qc2
Qxg2# 0-1

[Event "Challenge"]
[Site "http://www.queenalice.com/game.php?id=973482"]
[Date "2011.8.17"]
[Round "-"]
[White "Saintsalles"]
[Black "fafaking"]
[Result "0-1"]
[WhiteElo "1692"]
[BlackElo "1668"]

1. e4 e5 2. Bc4 Nf6 3. d3 h6 4. h3 Bc5 5. a3 a6 6. Nf3 d6 7. Nc3 Nc6 8. b4 Ba7
9. b5 Nd4 10. Nd5 Be6 11. Nxf6+ Qxf6 12. Bxe6 fxe6 13. Nxd4 Bxd4 14. O-O Bxa1
15. Be3 Bd4 16. Bxd4 exd4 17. Re1 O-O 18. Rf1 axb5 19. Qa1 c5 20. Qb2 Ra5 21. f3
Rfa8 22. Ra1 b4 23. Rb1 Rxa3 24. Qc1 Qg5 25. f4 Qf6 26. Qf1 Ra2 27. Qf2 Ra1 28.
Rf1 Rxf1+ 29. Qxf1 Ra2 30. Qf2 e5 31. f5 Qg5 32. Kh2 Qf4+ 33. Qxf4 exf4 34. h4
Rxc2 35. Kh3 b3 36. g4 b2 37. g5 b1=Q 38. Kg4 Qd1+ 39. Kxf4 Rf2+ 40. Kg3 Qf3#
0-1

[Event "Challenge"]
[Site "http://www.queenalice.com/game.php?id=973483"]
[Date "2011.8.17"]
[Round "-"]
[White "fafaking"]
[Black "Saintsalles"]
[Result "1-0"]
[WhiteElo "1650"]
[BlackElo "1710"]

1. c4 d5 2. d4 e6 3. Nc3 Bb4 4. Qc2 dxc4 5. e4 Qxd4 6. Be3 Qd8 7. Bxc4 h6 8. Ne2
Nf6 9. Nd4 c5 10. Nb3 b6 11. a3 Bxc3+ 12. bxc3 Bb7 13. Nd2 O-O 14. Rd1 Ng4 15.
Bf4 g5 16. Bg3 Nc6 17. O-O Na5 18. h3 Nf6 19. Bd3 Nh5 20. Bh2 Qd7 21. f4 Qc8 22.
fxg5 hxg5 23. g4 Ng7 24. Nf3 c4 25. Be2 Nb3 26. Bxc4 Nc5 27. e5 Be4 28. Qf2 Bxf3
29. Qxf3 Qc7 30. Qf5 a6 31. Qxg5 Ne4 32. Qh4 Qc5+ 33. Rd4 Nd2 34. Bd3 f6 35.
Qh7+ Kf7 36. Bg6+ Ke7 37. Qxg7+ 1-0

[Event "AUTO-ADV-2292"]
[Site "http://www.queenalice.com/game.php?id=990144"]
[Date "2011.9.26"]
[Round "1"]
[White "Janivgm"]
[Black "fafaking"]
[Result "1-0"]
[WhiteElo "1773"]
[BlackElo "1728"]

1. e4 e5 2. d4 exd4 3. Qxd4 c5 4. Qe5+ Qe7 5. Nf3 Nc6 6. Qxe7+ Bxe7 7. c4 d6 8.
Nc3 h6 9. b3 Bg4 10. Be2 Nf6 11. h3 Bxf3 12. Bxf3 Nd4 13. O-O Nxf3+ 14. gxf3
O-O-O 15. f4 Nd7 16. Nd5 Bh4 17. Bd2 Nf6 18. Ne7+ Kb8 19. Nf5 g5 20. fxg5 hxg5
21. f3 Nh5 22. Rad1 Ng3 23. Nxg3 Bxg3 24. Kg2 Bf4 25. Bxf4 gxf4 26. Kh2 Rh4 27.
Rh1 Rdh8 28. Kg2 Rg8+ 29. Kf2 Rg3 30. Rxd6 Rgxh3 31. Rxh3 Rxh3 32. Rf6 Rh2+ 33.
Kg1 Rxa2 34. Rxf4 Rb2 35. Rxf7 Rxb3 36. Rf5 a5 37. Rxc5 a4 38. f4 a3 39. Ra5 b6
40. Ra4 Rb1+ 41. Kf2 Rb2+ 42. Ke3 a2 43. Kd3 Rh2 44. f5 Rf2 45. Kd4 Kc7 46. Kd5
Rd2+ 47. Ke5 Kd7 48. Kf6 Rd6+ 49. Ke5 1-0

[Event "AUTO-ADV-2292"]
[Site "http://www.queenalice.com/game.php?id=990145"]
[Date "2011.9.26"]
[Round "1"]
[White "fafaking"]
[Black "Janivgm"]
[Result "1-0"]
[WhiteElo "1727"]
[BlackElo "1782"]

1. d4 d5 2. c4 Nf6 3. Nc3 e6 4. Bg5 h6 5. Bxf6 gxf6 6. cxd5 exd5 7. e3 Bb4 8.
Qc2 Be6 9. Bd3 a6 10. Ne2 c5 11. Ng3 Nc6 12. dxc5 Bxc5 13. O-O-O Nb4 14. Qd2 Qa5
15. a3 Nxd3+ 16. Qxd3 Bxa3 17. bxa3 Qxa3+ 18. Kd2 Rc8 19. Nge2 Rg8 20. g3 Rg4
21. Ra1 Qb2+ 22. Qc2 Qb6 23. Rhd1 Qc6 24. Rdc1 Rc4 25. Qd3 b5 26. Nd4 Qc7 27.
Nxe6 fxe6 28. Qg6+ Ke7 29. Qg7+ Kd6 30. Rxa6+ Kc5 31. Qxc7+ Rxc7 32. Rxe6 b4 33.
Na4+ Kb5 34. Rxc4 Rxc4 35. Nb2 Rc6 36. Rxc6 Kxc6 37. Kd3 Kc5 38. f4 f5 39. h3 h5
40. Kc2 Kb5 41. Kb3 Kc5 42. Na4+ Kb5 43. Nb2 Kc5 44. Nd3+ Kb5 45. Nxb4 Kc5 46.
Nd3+ Kb5 47. Kc3 Kc6 48. Kd4 Kd6 49. Nb4 Ke6 50. Nxd5 Kd6 51. Nf6 Ke6 52. Nxh5
1-0

[Event "AUTO-ADV-2292"]
[Site "http://www.queenalice.com/game.php?id=990160"]
[Date "2011.9.26"]
[Round "1"]
[White "leduar"]
[Black "fafaking"]
[Result "1-0"]
[WhiteElo "1971"]
[BlackElo "1733"]

1. e4 e5 2. Nf3 Nc6 3. Bc4 Bc5 4. c3 a6 5. a4 d6 6. b4 Ba7 7. Qb3 Qf6 8. d3 h6
9. b5 Na5 10. Qa2 Ne7 11. Ba3 Nxc4 12. Qxc4 c5 13. Nbd2 Be6 14. bxa6 Bxc4 15.
axb7 Rb8 16. Nxc4 Rxb7 17. h4 Ng6 18. O-O Nxh4 19. Nxh4 Rd7 20. Nf3 O-O 21. Rfb1
d5 22. Ncxe5 Re7 23. d4 dxe4 24. Ng4 Qd6 25. Nfe5 Qe6 26. dxc5 f5 27. c6 fxg4
28. Bxe7 Qxe5 29. Bxf8 Kxf8 30. Ra3 Qc7 31. Rb7 Qxc6 32. Rxa7 g3 33. Ra2 gxf2+
34. Rxf2+ Kg8 35. Rff7 Qc5+ 36. Kh2 Qh5+ 37. Kg3 Qe5+ 38. Kf2 Qc5+ 39. Kf1 Qc4+
40. Kg1 1-0

[Event "AUTO-ADV-2292"]
[Site "http://www.queenalice.com/game.php?id=990161"]
[Date "2011.9.26"]
[Round "1"]
[White "fafaking"]
[Black "leduar"]
[Result "0-1"]
[WhiteElo "1738"]
[BlackElo "1968"]

1. d4 Nf6 2. c4 g6 3. Nc3 Bg7 4. e4 d6 5. Be3 Ng4 6. Bd3 Nxe3 7. fxe3 O-O 8.
Nge2 Bg4 9. h3 Bxe2 10. Nxe2 e5 11. d5 Na6 12. a3 Nc5 13. Qc2 Nxd3+ 14. Qxd3 c6
15. O-O c5 16. b4 b6 17. Nc3 a6 18. b5 axb5 19. Nxb5 Bh6 20. a4 Qh4 21. Qd2 Qxe4
22. Nxd6 Qxe3+ 23. Qxe3 Bxe3+ 24. Kh1 Bd4 25. Rf3 Bxa1 0-1

[Event "AUTO-OPEN-2491"]
[Site "http://www.queenalice.com/game.php?id=990204"]
[Date "2011.9.26"]
[Round "1"]
[White "Prosperidade"]
[Black "fafaking"]
[Result "1-0"]
[WhiteElo "2134"]
[BlackElo "1750"]

1. d4 f5 2. c4 Nf6 3. Nc3 g6 4. Nf3 Bg7 5. e3 d6 6. Be2 Nbd7 7. O-O e5 8. dxe5
Nxe5 9. Nxe5 dxe5 10. Qxd8+ Kxd8 11. b3 e4 12. Bd2 Be6 13. Rad1 Ke7 14. Nb5 Rhc8
15. Nd4 Bd7 16. f3 c5 17. Nc2 Kf7 18. f4 a6 19. Ba5 b5 20. Bc3 b4 21. Bxf6 Bxf6
22. Rxd7+ Be7 23. Rfd1 1-0

[Event "AUTO-OPEN-2491"]
[Site "http://www.queenalice.com/game.php?id=990205"]
[Date "2011.9.26"]
[Round "1"]
[White "fafaking"]
[Black "Prosperidade"]
[Result "0-1"]
[WhiteElo "1752"]
[BlackElo "2133"]

1. d4 d5 2. c4 c6 3. Nc3 Nf6 4. Bf4 e6 5. Nf3 Be7 6. Qc2 O-O 7. e3 Bb4 8. a3
Bxc3+ 9. bxc3 b6 10. cxd5 cxd5 11. Bg5 Nbd7 12. Bd3 h6 13. Bh4 a6 14. Ne5 b5 15.
Nc6 Qe8 16. Bxf6 Nxf6 17. Ne5 Bb7 18. h4 Rc8 19. O-O a5 20. Rab1 Ba6 21. a4 Rb8
22. axb5 Bxb5 0-1

[Event "AUTO-OPEN-2491"]
[Site "http://www.queenalice.com/game.php?id=990225"]
[Date "2011.9.26"]
[Round "1"]
[White "fafaking"]
[Black "Chessolino"]
[Result "0-1"]
[WhiteElo "1747"]
[BlackElo "1755"]

1. d4 d5 2. c4 e6 3. Nc3 Nf6 4. Bf4 dxc4 5. e4 Bb4 6. Qc2 O-O 7. Bxc4 Bxc3+ 8.
bxc3 Nc6 9. Bg5 e5 10. d5 Na5 11. Bd3 Qd6 12. Ne2 Bd7 13. Ng3 h6 14. Bxf6 Qxf6
15. O-O b6 16. Ne2 Nb7 17. f4 Bg4 18. fxe5 Qxe5 19. h3 Bxe2 20. Bxe2 Nd6 21. Bf3
Rae8 22. Qd3 Nxe4 23. Qxe4 Qxe4 24. Bxe4 Rxe4 25. Rfc1 Rc4 26. a4 Re8 27. Ra3
Ree4 28. Rd1 Rxa4 29. Rxa4 Rxa4 30. Rd3 Kf8 31. Kf2 Rc4 32. Ke3 a5 33. Kd2 Ke7
34. Kc2 Kd6 35. Kb3 b5 36. Rf3 f6 37. Rg3 g5 38. Rf3 Ke5 39. g4 Rf4 40. Rd3 f5
0-1

[Event "AUTO-OPEN-2491"]
[Site "http://www.queenalice.com/game.php?id=990236"]
[Date "2011.9.26"]
[Round "1"]
[White "fafaking"]
[Black "izabela"]
[Result "1-0"]
[WhiteElo "1745"]
[BlackElo "1361"]

1. d4 d5 2. c4 dxc4 3. e4 e6 4. Bxc4 Nc6 5. Be3 e5 6. d5 Nb4 7. Qa4+ Bd7 8. Qd1
Nf6 9. a3 Nbxd5 10. exd5 Bg4 11. f3 Bf5 12. Qb3 Bd6 13. Nd2 O-O 14. Bg5 c6 15.
Ne2 Be7 16. g4 Bg6 17. O-O-O cxd5 18. Ne4 Nxe4 19. Bxe7 Qxe7 20. fxe4 Bxe4 21.
Bxd5 Bxh1 22. Bxh1 e4 23. Re1 Rac8+ 24. Nc3 Qg5+ 25. Kb1 Qxg4 26. Bxe4 Rfe8 27.
Qb4 Qf4 28. Bxh7+ Kxh7 29. Qxf4 Rxe1+ 30. Ka2 Rc7 31. Qxc7 Rc1 32. Qxb7 Rc2 33.
Qe4+ 1-0

[Event "AUTO-OPEN-2491"]
[Site "http://www.queenalice.com/game.php?id=990237"]
[Date "2011.9.26"]
[Round "1"]
[White "izabela"]
[Black "fafaking"]
[Result "0-1"]
[WhiteElo "1379"]
[BlackElo "1731"]

1. e4 e5 2. Nf3 Nc6 3. Bb5 d6 4. Bxc6+ bxc6 5. d4 Bg4 6. dxe5 Bxf3 7. Qxf3 d5 8.
exd5 cxd5 9. Nc3 Bb4 10. O-O Bxc3 11. Qxc3 Ne7 12. Bf4 O-O 13. Rad1 Ng6 14. Qd4
Nxf4 15. Qxf4 Qe7 16. Rxd5 Qe6 17. Rfd1 c6 18. Rd6 Qxa2 19. Rxc6 Qxb2 20. Qd4
Qxd4 21. Rxd4 Rab8 22. e6 Rb1+ 0-1

[Event "AUTO-INT-2105"]
[Site "http://www.queenalice.com/game.php?id=999122"]
[Date "2011.10.19"]
[Round "2"]
[White "fafaking"]
[Black "deepblueII"]
[Result "0-1"]
[WhiteElo "1748"]
[BlackElo "1621"]

1. d4 c6 2. c4 b5 3. Nc3 bxc4 4. e4 d5 5. e5 e6 6. a3 g6 7. Nf3 Bg7 8. Bg5 Qb6
9. Ra2 h6 10. Bd2 c5 11. Na4 Qb3 12. Qxb3 cxb3 13. Ra1 c4 14. Bb4 Na6 15. Bd6
Bf8 16. Bxf8 Kxf8 17. Be2 Ne7 18. Nc3 Bd7 19. O-O Nf5 20. g3 g5 21. g4 Ne7 22.
h3 Ng6 23. Nh2 Nf4 0-1

[Event "AUTO-INT-2105"]
[Site "http://www.queenalice.com/game.php?id=999123"]
[Date "2011.10.19"]
[Round "2"]
[White "deepblueII"]
[Black "fafaking"]
[Result "1-0"]
[WhiteElo "1661"]
[BlackElo "1747"]

1. e4 e5 2. Nf3 Nc6 3. Bc4 Bc5 4. d3 h6 5. a3 d6 6. b4 Bb6 7. Bd5 Nge7 8. Nc3
Nd4 9. Be3 c6 10. Ba2 Bg4 11. Na4 O-O 12. h3 Bxf3 13. gxf3 d5 14. Nxb6 Qxb6 15.
c3 Nxf3+ 16. Qxf3 d4 17. Bxh6 gxh6 18. Rg1+ Ng6 19. Rxg6+ 1-0